| 000 | 00604nam a22002177a 4500 | ||
|---|---|---|---|
| 999 |
_c7851 _d7851 |
||
| 003 | OSt | ||
| 005 | 20220325115026.0 | ||
| 008 | 220325b ||||| |||| 00| 0 eng d | ||
| 020 | _a9789814646932 | ||
| 040 | _cDDC | ||
| 082 | _a658 BRI , 2016 | ||
| 100 |
_aBRICKLEY JAMES A _915966 |
||
| 245 | _aMANAGERIAL ECONOMICS AND ORGANISATIONAL ARCHITECTURE | ||
| 250 | _a6TH ED | ||
| 260 |
_aNEW YORK; _bMACGRAW HILL _c2016 |
||
| 300 |
_aXXVI,739P. _bIIL COL; _25CM |
||
| 504 | _aINCLUDES INDEX | ||
| 650 |
_aMANAGERIAL ECONOMIS _915968 |
||
| 650 |
_a ORGANISATIONAL ARCHITECTURE _915970 |
||
| 942 |
_2ddc _cBOOK |
||